000 00833cam a22001817a 4500
008 180718b2006 xxu||||| |||| 00| 0 eng d
020 _a8180521176
082 _aI513 D334i
245 _aIshwar Dayal on management
_cedited by Deepak Dogra
260 _aNew Delhi
_bAne Books
_c2006
300 _a6 vols.
500 _aContents: v.1. Organisation and development, 257p.; v.2. Organisational development and change, 269p.; v.3. Behavioural science applications, 217p.; v.4. Education and training, 202p.; v.5. Human resources in organisations, 210p.; v.6. Public administration and public enterprises, 319p.
650 _aExecutives --India --Biography
650 _aAssociations, institutions, etc --India --Management
650 _aManagement --Study and teaching --India
650 _aDayal, Ishwar
700 _aDogra, Deepak
999 _c441021
_d441021